Administracin̤, innovacin̤ y conectividad

Detalles Bibliográficos
Autor principal: Anzola Castillo, Ivǹ E.
Formato: eBook
Lenguaje:español
Publicado: Bogot:̀ ECOE, 2018
Materias:
Acceso en línea:Acceso restringido

MARC

LEADER 00000nam a22000007a 4500
005 20190901143625.0
007 cr|||| ||||
008 190901s2018 co |||||s|||| 00||0 spa d
020 |a 978-958-771-599-6 
035 |a 24741 
040 |a vLex 
090 |c 9355  |d 9355 
100 1 |a Anzola Castillo, Ivǹ E. 
245 1 0 |a Administracin̤, innovacin̤ y conectividad  |h [Recurso electrn̤ico] /  |c Ivǹ E. Anzola Castillo 
256 |a Servicio en ln̕ea 
260 |a Bogot:̀  |b ECOE,  |c 2018 
300 |a 1 recurso electrn̤ico 
506 1 |a Disponible solo en los productos indicados  |d vLex Global  |d vLex Global (Academic Edition, excluding Law Schools)  |d vLex Global (U.S. Academic Edition, Law Schools)  |d vLex Global (U.S. Academic Edition, excluding Law Schools)  |d vLex Global (Academic Edition, Law Schools) 
650 0 4 |a Derecho Mercantil y de la Empresa  |z Colombia 
740 0 |a vLex Libros (Servicio en ln̕ea) 
856 4 0 |u http://vlex.com/source/administracion-innovacion-conectividad-24741  |z Acceso restringido 
942 |c BOOK 
999 0 |a Commercial and Business Law